|
|
|
|
| LEADER |
01171naa a2200265 i 4500 |
| 001 |
acta76305 |
| 005 |
20221108134828.0 |
| 008 |
220714s2022 hu o 1|| eng d |
| 020 |
|
|
|a 2978-963-306-860-1
|
| 040 |
|
|
|a SZTE Egyetemi Kiadványok Repozitórium
|b hun
|
| 041 |
|
|
|a eng
|
| 100 |
1 |
|
|a Nagy Róbert
|
| 245 |
1 |
0 |
|a Evaluation of factors influencing the bioactive compounds of red and white sorghum grains
|h [elektronikus dokumentum] /
|c Nagy Róbert
|
| 260 |
|
|
|a University of Szeged Faculty of Agriculture
|b Hódmezővásárhely
|c 2022
|
| 300 |
|
|
|a 67
|
| 490 |
0 |
|
|a Wellmann International Scientific Conference
|
| 650 |
|
4 |
|a Természettudományok
|
| 650 |
|
4 |
|a Biológiai tudományok
|
| 650 |
|
4 |
|a Mezőgazdaság-tudományok
|
| 650 |
|
4 |
|a Mezőgazdaság, erdészet, halászat
|
| 695 |
|
|
|a Cirok - termelés - előadáskivonat, Növénytermesztés - előadáskivonat, Növénybiológia - előadáskivonat
|
| 700 |
0 |
1 |
|a Remenyik Judit
|e aut
|
| 700 |
0 |
1 |
|a Sipos Péter
|e aut
|
| 710 |
|
|
|a Wellmann International Scientific Conference (19.) (2022) (Hódmezővásárhely)
|
| 856 |
4 |
0 |
|u http://acta.bibl.u-szeged.hu/76305/1/wellmann_abstracts_2022_067.pdf
|z Dokumentum-elérés
|